<?xml version="1.0" encoding="UTF-8"?>
<marc:record xmlns:marc="http://www.loc.gov/MARC21/slim">
   <marc:leader>00000nam a2200000 a 4500</marc:leader>
   <marc:datafield ind1="1" ind2=" " tag="100">
      <marc:subfield code="a">Winnewisser, Sylvia</marc:subfield>
      <marc:subfield code="4">ctb</marc:subfield>
      <marc:subfield code="e">Mitwirkende/-r</marc:subfield>
   </marc:datafield>
   <marc:datafield ind1=" " ind2=" " tag="653">
      <marc:subfield code="a">Schnitzel</marc:subfield>
   </marc:datafield>
   <marc:datafield ind1=" " ind2=" " tag="653">
      <marc:subfield code="a">Softcover</marc:subfield>
   </marc:datafield>
   <marc:datafield ind1=" " ind2=" " tag="653">
      <marc:subfield code="a">Karte</marc:subfield>
   </marc:datafield>
   <marc:datafield ind1=" " ind2=" " tag="653">
      <marc:subfield code="a">Trinken / Themenkochbücher</marc:subfield>
   </marc:datafield>
   <marc:datafield ind1=" " ind2=" " tag="653">
      <marc:subfield code="a">Kochbuch</marc:subfield>
   </marc:datafield>
   <marc:datafield ind1="0" ind2="0" tag="245">
      <marc:subfield code="a">Schnitzel</marc:subfield>
   </marc:datafield>
   <marc:datafield ind1="0" ind2="0" tag="245">
      <marc:subfield code="c">Rezepte: Sylvia Winnewisser. Fotos: TLC Fotostudio</marc:subfield>
   </marc:datafield>
   <marc:datafield ind1=" " ind2="1" tag="264">
      <marc:subfield code="a">Köln</marc:subfield>
      <marc:subfield code="b">NGV</marc:subfield>
   </marc:datafield>
   <marc:datafield ind1="1" ind2=" " tag="520">
      <marc:subfield code="a">Angaben aus der Verlagsmeldung

Schnitzel

Cordon bleu, Paillard, Piccata oder Saltimbocca: das über alles geliebte Schnitzel ist ein echter Allrounder, der aufs Beste die kulinarischen Vorlieben der jeweiligen Landes- bzw. Regionenküche widerspiegelt. Sind es in Italien feine Scheiben vom Kalb, so kann ein Pariser Paillard durchaus ein dünn geklopftes Stück Rinderfilet sein, und auf deutschen Tellern findet sich neben dem Putenschnitzel für kalorienbewusste Genießer immer wieder gern das beliebte Schweineschnitzel "Wiener Art" ein.
Das Faszinierende am Schnitzel ist die unschlagbar einfache Zubereitung und die kurze Zubereitungszeit. Zudem ist das Schnitzel für viele Varianten offen. Ob paniert oder Natur, ob mit Schinken oder Käse gefüllt, ob mit Zitrone oder Jägersauce serviert, Schnitzel schmecken immer.
( Regionale und internationale Klassiker
( Die besten Rezepte für Kalb, Rind, Schwein und Geflügel
( Mit passenden Saucen
( Sonderkapitel Gemüseschnitzel
</marc:subfield>
   </marc:datafield>
   <marc:datafield ind1=" " ind2=" " tag="020">
      <marc:subfield code="a">9783625113621</marc:subfield>
      <marc:subfield code="9">9783625113621</marc:subfield>
   </marc:datafield>
   <marc:datafield ind1=" " ind2=" " tag="020">
      <marc:subfield code="a">3625113627</marc:subfield>
      <marc:subfield code="9">3625113627</marc:subfield>
   </marc:datafield>
   <marc:datafield ind1=" " ind2=" " tag="041">
      <marc:subfield code="a">ger</marc:subfield>
   </marc:datafield>
   <marc:datafield ind1=" " ind2=" " tag="300">
      <marc:subfield code="a">159 S.</marc:subfield>
   </marc:datafield>
</marc:record>
